March Madness Number 1 Seeds Since 2000 - Statistics

General Stats
  • This quiz has been taken 373 times
  • The average score is 75 of 92
Answer Stats
Year Answer % Correct
2019 Duke
99%
2015 Duke
99%
2011 Duke
99%
2010 Duke
99%
2006 Duke
99%
2005 Duke
99%
2004 Duke
99%
2002 Duke
99%
2001 Duke
99%
2000 Duke
99%
2019 North Carolina
96%
2017 North Carolina
96%
2016 North Carolina
96%
2012 North Carolina
96%
2009 North Carolina
96%
2008 North Carolina
96%
2007 North Carolina
96%
2005 North Carolina
96%
2023 Kansas
95%
2022 Kansas
95%
2018 Kansas
95%
2017 Kansas
95%
2016 Kansas
95%
2013 Kansas
95%
2011 Kansas
95%
2010 Kansas
95%
2008 Kansas
95%
2007 Kansas
95%
2002 Kansas
95%
2021 Michigan
94%
2015 Kentucky
90%
2012 Kentucky
90%
2010 Kentucky
90%
2004 Kentucky
90%
2003 Kentucky
90%
2023 Purdue
90%
2009 Connecticut
89%
2006 Connecticut
89%
2014 Florida
89%
2007 Florida
89%
2022 Gonzaga
89%
2021 Gonzaga
89%
2019 Gonzaga
89%
2017 Gonzaga
89%
2013 Gonzaga
89%
2012 Michigan State
89%
2001 Michigan State
89%
2000 Michigan State
89%
2022 Baylor
88%
2021 Baylor
88%
2019 Virginia
88%
2018 Virginia
88%
2016 Virginia
88%
2014 Virginia
88%
2023 Houston
87%
2008 UCLA
87%
2023 Alabama
86%
2003 Texas
84%
2018 Villanova
84%
2017 Villanova
84%
2015 Villanova
84%
2006 Villanova
84%
2022 Arizona
83%
2014 Arizona
83%
2003 Arizona
83%
2000 Arizona
83%
2011 Ohio State
76%
2007 Ohio State
76%
2021 Illinois
75%
2005 Illinois
75%
2001 Illinois
75%
2016 Oregon
75%
2015 Wisconsin
75%
2013 Indiana
72%
2012 Syracuse
69%
2010 Syracuse
69%
2013 Louisville
66%
2009 Louisville
66%
2003 Oklahoma
62%
2002 Maryland
58%
2005 Washington
56%
2018 Xavier
47%
2008 Memphis
45%
2006 Memphis
45%
2014 Wichita State
44%
2004 Stanford
38%
2001 Stanford
38%
2000 Stanford
38%
2002 Cincinnati
29%
2011 Pittsburgh
29%
2009 Pittsburgh
29%
2004 Saint Joesph's
4%
No matching quizzes found
Score Distribution
Percent of People with Each Score
Percentile by Number Answered
Your Score History
You have not taken this quiz